[Event "POL-chT U19 2nd League"]
[Site "Iwonicz"]
[Date "2015.08.01"]
[Round "11.57"]
[White "Gorecki, Mateusz"]
[Black "Panek, Bartosz"]
[Result "1-0"]
[WhiteElo "1323"]
[BlackElo "1522"]
[PlyCount "68"]
[EventDate "2015.07.25"]
[EventType "team-swiss"]
[EventRounds "11"]
[EventCountry "POL"]
[SourceTitle "EXT 2019"]
[Source "ChessBase"]
[SourceDate "2018.10.10"]
[SourceVersion "1"]
[SourceVersionDate "2018.10.10"]
[SourceQuality "1"]
[WhiteTeam "Podlesie UKS 21 U19"]
[BlackTeam "Rydultowy Ognisko U19 II"]
[WhiteTeamCountry "POL"]
[BlackTeamCountry "POL"]

1. e4 d5 2. exd5 Nf6 3. d4 Bg4 4. Bb5+ c6 5. dxc6 bxc6 6. Be2 Bxe2 7. Nxe2 e6 8. 0-0 Be7 9. Nd2 0-0 10. Nf3 Na6 11. c3 Nc7 12. Qc2 Ncd5 13. Nf4 Qd6 14. Nxd5 cxd5 15. Bg5 Ne4 16. Bxe7 Qxe7 17. c4 Rfc8 18. c5 Qb7 19. b3 Qb5 20. Rfc1 f6 21. Nd2 Nxd2 22. Qxd2 Rc6 23. b4 a5 24. a3 Qa4 25. Qb2 Qb5 26. Rcb1 axb4 27. axb4 Rxa1 28. Rxa1 Ra6 29. Rxa6 Qxa6 30. b5 Qa4 31. h3 Kf7 32. b6 Qa8 33. b7 Qb8 34. c6 Ke7 1-0

[Event "POL-ch U14"]
[Site "Suwalki"]
[Date "2015.04.12"]
[Round "7"]
[White "Fus, Jakub"]
[Black "Gorecki, Mateusz"]
[Result "1-0"]
[WhiteElo "1821"]
[BlackElo "1529"]
[PlyCount "65"]
[EventDate "2015.04.08"]
[EventType "swiss"]
[EventRounds "9"]
[EventCountry "POL"]
[SourceTitle "EXT 2017"]
[Source "ChessBase"]
[SourceDate "2016.10.25"]
[SourceVersion "1"]
[SourceVersionDate "2016.10.25"]
[SourceQuality "1"]

1. d4 d5 2. Nf3 Nf6 3. c4 e6 4. g3 Bb4+ 5. Bd2 Bxd2+ 6. Nbxd2 c6 7. Bg2 0-0 8. 0-0 Nbd7 9. Qc2 b6 10. e4 dxe4 11. Nxe4 Qe7 12. Nc3 Bb7 13. Rfe1 h6 14. a3 Rac8 15. b4 Qd6 16. Rad1 Qc7 17. Ne5 a6 18. f4 c5 19. dxc5 bxc5 20. b5 Nb6 21. a4 a5 22. Bxb7 Qxb7 23. Qe2 Nfd7 24. Nc6 Nb8 25. Nxa5 Qa7 26. Nb3 Nxa4 27. Qa2 Nd7 28. Qxa4 Qxa4 29. Nxa4 Rfd8 30. Nbxc5 Nxc5 31. Rxd8+ Rxd8 32. Nxc5 Rc8 33. b6 1-0

[Event "POL-ch U14"]
[Site "Suwalki"]
[Date "2015.04.09"]
[Round "3"]
[White "Banach, Jakub"]
[Black "Gorecki, Mateusz"]
[Result "0-1"]
[WhiteElo "1392"]
[BlackElo "1529"]
[PlyCount "96"]
[EventDate "2015.04.08"]
[EventType "swiss"]
[EventRounds "9"]
[EventCountry "POL"]
[SourceTitle "EXT 2017"]
[Source "ChessBase"]
[SourceDate "2016.10.25"]
[SourceVersion "1"]
[SourceVersionDate "2016.10.25"]
[SourceQuality "1"]

1. e4 e5 2. Nf3 Nc6 3. d4 exd4 4. Nxd4 Nf6 5. Nc3 Bb4 6. Nxc6 bxc6 7. Bd3 0-0 8. 0-0 d5 9. exd5 cxd5 10. Bd2 c6 11. a3 Ba5 12. Be3 Bc7 13. Bc5 Bd6 14. Bxd6 Qxd6 15. Qf3 Bg4 16. Qg3 Qxg3 17. hxg3 c5 18. f3 Be6 19. Rfe1 c4 20. Be2 Rab8 21. Rab1 Bf5 22. Rec1 Rfe8 23. g4 Bg6 24. Bf1 d4 25. Na4 Rbc8 26. Ra1 Nd5 27. b3 c3 28. Bd3 Bxd3 29. cxd3 Re3 30. Nb2 Rce8 31. Nc4 Rxd3 32. Nd6 Re2 33. Nf5 g6 34. Ng3 Rb2 35. Ne4 Ne3 36. Nf6+ Kh8 37. Ne4 Nc2 38. Nf2 Rd2 39. Ne4 Nxa1 40. Rxa1 Rxg2+ 41. Kf1 c2 42. Nc5 Rb1+ 43. Kxg2 c1Q 44. Rxb1 Qxb1 45. b4 d3 46. Ne4 Qc2+ 47. Kg3 d2 48. Nxd2 Qxd2 0-1

[Event "POL-ch U14"]
[Site "Suwalki"]
[Date "2015.04.09"]
[Round "2"]
[White "Gorecki, Mateusz"]
[Black "Leskiewicz, Ignacy"]
[Result "0-1"]
[WhiteElo "1529"]
[BlackElo "1692"]
[PlyCount "70"]
[EventDate "2015.04.08"]
[EventType "swiss"]
[EventRounds "9"]
[EventCountry "POL"]
[SourceTitle "EXT 2017"]
[Source "ChessBase"]
[SourceDate "2016.10.25"]
[SourceVersion "1"]
[SourceVersionDate "2016.10.25"]
[SourceQuality "1"]

1. e4 c5 2. Nf3 d6 3. d4 cxd4 4. Qxd4 Nc6 5. Bb5 Bd7 6. Qd3 Nf6 7. Nc3 e6 8. Bf4 d5 9. exd5 Nb4 10. Qe2 Nbxd5 11. Nxd5 Nxd5 12. Bg5 Qa5+ 13. Bd2 Qxb5 14. c4 Qxb2 15. 0-0 Nb6 16. Ne5 Bb4 17. Nxd7 Qxd2 18. Qxd2 Bxd2 19. Nxb6 axb6 20. Rfd1 0-0-0 21. g3 Bc3 22. Rac1 Rxd1+ 23. Rxd1 Rd8 24. Rxd8+ Kxd8 25. Kf1 Kc7 26. Ke2 Bd4 27. f3 Kc6 28. Kd3 Kc5 29. a3 f5 30. g4 fxg4 31. fxg4 Bg1 32. h3 b5 33. cxb5 Kxb5 34. Ke4 Bh2 35. g5 Ka4 0-1

[Event "POL Region-ch U11"]
[Site "Szczyrk"]
[Date "2012.10.21"]
[Round "4.2"]
[White "Gorecki, Mateusz"]
[Black "Polczyk, Mikolaj"]
[Result "0-1"]
[WhiteElo "1366"]
[BlackElo "1458"]
[PlyCount "106"]
[EventDate "2012.10.14"]
[EventType "swiss"]
[EventRounds "9"]
[EventCountry "POL"]
[SourceTitle "EXT 2023"]
[Source "ChessBase"]
[SourceDate "2022.10.05"]
[SourceVersion "1"]
[SourceVersionDate "2022.10.05"]
[SourceQuality "1"]

1. e4 e6 2. d4 d5 3. Nc3 Nf6 4. e5 Nfd7 5. f4 c5 6. Nf3 Nc6 7. Be3 cxd4 8. Nxd4 Bc5 9. Qd2 0-0 10. 0-0-0 a6 11. h4 Nxd4 12. Bxd4 b5 13. Rh3 b4 14. Na4 Bxd4 15. Qxd4 Qa5 16. b3 Bb7 17. Kb1 Bc6 18. Nb2 Rab8 19. Rg3 Nc5 20. Bd3 Rfc8 21. Re1 Bb5 22. Nd1 Qa3 23. Qb2 Nxd3 24. cxd3 d4 25. Qxa3 bxa3 26. Nf2 Rc3 27. Ne4 Rxd3 28. Rxd3 Bxd3+ 29. Kc1 h5 30. Ng5 a5 31. Rd1 Rc8+ 32. Kd2 Bf5 33. Rc1 Rxc1 34. Kxc1 f6 35. Nf3 fxe5 36. fxe5 d3 37. Kd2 Kf7 38. Ne1 Kg6 39. Nf3 Be4 40. Nd4 Bd5 41. g3 a4 42. Kxd3 axb3 43. axb3 a2 44. Nc2 Bxb3 45. Na1 Bd5 46. Kc3 Kf5 47. Kb2 Kxe5 48. Nc2 Ke4 49. Nb4 Kf3 50. Nxd5 exd5 51. Kxa2 Ke2 52. Kb3 d4 53. Kc4 d3 0-1

[Event "POL Region-ch U11"]
[Site "Szczyrk"]
[Date "2012.10.21"]
[Round "5.3"]
[White "Jobda, Rafal"]
[Black "Gorecki, Mateusz"]
[Result "1-0"]
[WhiteElo "1499"]
[BlackElo "1366"]
[PlyCount "71"]
[EventDate "2012.10.14"]
[EventType "swiss"]
[EventRounds "9"]
[EventCountry "POL"]
[SourceTitle "EXT 2023"]
[Source "ChessBase"]
[SourceDate "2022.10.05"]
[SourceVersion "1"]
[SourceVersionDate "2022.10.05"]
[SourceQuality "1"]

1. e4 e5 2. Nf3 Nc6 3. Bb5 Bc5 4. c3 Nf6 5. 0-0 0-0 6. d4 Bb6 7. a4 a6 8. Bxc6 dxc6 9. Nxe5 Nxe4 10. Re1 Nf6 11. a5 Ba7 12. b4 Re8 13. Bg5 Be6 14. Nd2 h6 15. Bh4 g5 16. Bg3 Nd7 17. Qh5 Kg7 18. Ne4 Rg8 19. Nxd7 Bxd7 20. Be5+ Kf8 21. Qxh6+ Ke8 22. Nf6+ Ke7 23. Bxc7+ Be6 24. Bxd8+ Raxd8 25. Nxg8+ Rxg8 26. Qh7 Rg6 27. Re5 Bb8 28. Re2 Kd6 29. Qh8 Bc7 30. Qa8 Bc4 31. Qf8+ Kd7 32. Re7+ Kd6 33. Rxf7+ Kd5 34. Qc5+ Ke6 35. Qf5+ Kd6 36. Qd7# 1-0

[Event "POL Region-ch U11"]
[Site "Szczyrk"]
[Date "2012.10.21"]
[Round "3.2"]
[White "Sulkowski, Andrzej"]
[Black "Gorecki, Mateusz"]
[Result "0-1"]
[WhiteElo "1541"]
[BlackElo "1366"]
[PlyCount "132"]
[EventDate "2012.10.14"]
[EventType "swiss"]
[EventRounds "9"]
[EventCountry "POL"]
[SourceTitle "EXT 2023"]
[Source "ChessBase"]
[SourceDate "2022.10.05"]
[SourceVersion "1"]
[SourceVersionDate "2022.10.05"]
[SourceQuality "1"]

1. d4 d5 2. c4 c6 3. e3 Nf6 4. Nf3 e6 5. Nc3 Nbd7 6. Bd3 dxc4 7. Bxc4 b5 8. Bd3 Bb7 9. 0-0 a6 10. Bd2 c5 11. a3 Bd6 12. Re1 0-0 13. Be2 Re8 14. Rc1 Rc8 15. h3 b4 16. axb4 cxb4 17. Na2 a5 18. Qa4 Ra8 19. Nh2 Ne4 20. Bf3 Nxd2 21. Bxb7 Bxh2+ 22. Kxh2 Qb8+ 23. Kg1 Qxb7 24. Rc2 Ne4 25. Rec1 Ndf6 26. Rc7 Qb8 27. Qc6 Rd8 28. Rb7 Qc8 29. Rc7 Qa6 30. Qc2 Rab8 31. b3 Nd6 32. Rc6 Qb7 33. Rc7 Qa8 34. Qc5 Qd5 35. Qc2 Qe4 36. Qc5 Qf5 37. Qc6 Qb5 38. Qc2 Nd5 39. Rc5 Qa6 40. Rc6 Qa7 41. e4 Nb6 42. e5 Nf5 43. Qc5 Qa6 44. Ra1 Qb7 45. Rc1 Rdc8 46. Qxb6 Rxc6 47. Qxc6 Qxc6 48. Rxc6 Nxd4 49. Ra6 Nxb3 50. Kh2 g5 51. Kg3 Rb5 52. f4 h6 53. Kg4 Rc5 54. Kh5 Kg7 55. fxg5 hxg5 56. Rd6 Rc2 57. Rd3 Nc5 58. Rg3 Rxa2 59. Rxg5+ Kf8 60. g4 Ne4 61. h4 Nxg5 62. Kxg5 b3 63. h5 b2 64. Kh6 b1Q 65. g5 Rh2 66. g6 Qxg6# 0-1